000 00408nam a2200145Ia 4500
008 210210b1996 xxu||||| |||| 00| 0 eng d
020 _a81 85137 22 6
082 _a954.01 DANI
100 _aDANINO (Michel) and NAHAR (Sujata).
245 _aInvasion that never was. Ed 1.
260 _aDelhi.
_bThe Mother''s Institute of Research.,
_c1996
300 _a127
690 _aIndian History
906 _a054805
999 _c102604
_d102604